Music Quiz

Random Music or Nintendo Quiz
Score 0/10 Timer 03:00
0 Plays Today
First Name Last Name % Correct
MickJagger
100%
KeithRichards
99%
RonWood
84.5%
CharlieWatts
83.5%
BrianJones
79.4%
DarrylJones
79.4%
BillWyman
68%
MickTaylor
55.7%
IanStewart
29.9%
TonyChapman
1%

You're not logged in!

Compare scores with friends on all Sporcle quizzes.
OR
Log In

Sporcle TV

Today on Sporcle TV


Watch our educational content, quiz creation guides, and fun videos on Sporcle TV.

Show Comments

Extras

Top Quizzes Today


Score Distribution

Paid Content

Your Account Isn't Verified!

In order to create a playlist on Sporcle, you need to verify the email address you used during registration. Go to your Sporcle Settings to finish the process.

Report this User

Report this user for behavior that violates our Community Guidelines.

Details: